Normal view
MARC view
- Mansoor, Muhammad
Entry Personal Name
001 - CONTROL NUMBER
- control field: 19523
003 - CONTROL NUMBER IDENTIFIER
- control field: NUST
005 - DATE AND TIME OF LATEST TRANSACTION
- control field: 20190826061636.0
008 - FIXED-LENGTH DATA ELEMENTS
- fixed length control field: 190826|| aca||aabn | a|a d
040 ## - CATALOGING SOURCE
- Original cataloging agency: NUST
- Transcribing agency: NUST
100 ## - HEADING--PERSONAL NAME
- Personal name: Mansoor, Muhammad
670 ## - SOURCE DATA FOUND
- Source citation: Work cat.: (NUST): Mansoor, Muhammad, Fabrication of Al-CNTs MMC by Induction melting with improved dispersion an dwetting of CNTs in Al matrix using a multifuncational flux /, 2015.
